Literatura y vida I : Artículos y ensayos breves
保存先:
| 第一著者: | |
|---|---|
| フォーマット: | 図書 |
| 言語: | Undetermined |
| 出版事項: |
Madrid, España
Editorial Anthropos
1992
|
| 主題: | |
| タグ: |
タグ追加
タグなし, このレコードへの初めてのタグを付けませんか!
|
MARC
| LEADER | 00000nam a2200000Ia 4500 | ||
|---|---|---|---|
| 008 | 170316s9999 xx 000 0 und d | ||
| 090 | |a 801 S-26.1L | ||
| 100 | |a Soriano, Elena | ||
| 245 | |a Literatura y vida I : Artículos y ensayos breves | ||
| 260 | |a Madrid, España | ||
| 260 | |b Editorial Anthropos | ||
| 260 | |c 1992 | ||
| 300 | |a 302 páginas | ||
| 650 | |a TEORÍA LITERARIA | ||
| 650 | |a ENSAYOS | ||
| 650 | |a LA NOVELA MODERNA | ||
| 650 | |a PROFECIA Y UTOPÍA | ||
| 650 | |a TEATRO - SARTRE | ||
| 650 | |a MELODRAMA | ||
| 650 | |a GÉNEROS LITERARIOS | ||
| 650 | |a POESÍA | ||
| 650 | |a TEATRO | ||
| 650 | |a DRAMA | ||
| 650 | |a NOVELA | ||
| 650 | |a EL FEMINISMO | ||
| 999 | |c 20657 |d 20657 | ||
| 040 | |a cru BVZT | ||
| 942 | |c 15 D |h 801 S-26.1L |2 z | ||
